| 000 | 01065nam a22003017a 4500 | ||
|---|---|---|---|
| 003 | DO-SdBNP | ||
| 005 | 20171127102845.0 | ||
| 008 | 171127b 1981 sp a ||||| |||| 00| 0 spa d | ||
| 020 | _a8403120699 | ||
| 040 |
_aBPMSU _bspa _cBPMSU |
||
| 092 |
_axxxx _bxxxx |
||
| 100 | 1 | _aBeals, Ralh L. | |
| 240 | 1 | 0 |
_aTranslation of An introduction to anthropology. _lEspañol |
| 245 | 1 | 0 |
_aIntroducción a la antropología / _cRalh L. Beals, Harry Hoijer ; traducción del inglés por Juan Martín Ruiz-Werner, Juan García-Puente. |
| 250 | _a 3a. ed., 1a. reimp | ||
| 260 |
_aMadrid : _bAguilar, _c1981. |
||
| 300 |
_axxiv, 812 p. : _bil., mapas ; _c24 cm. |
||
| 490 | 1 | _a Cultura e Historia | |
| 650 | _aAntropología -- Manuales. | ||
| 650 | _aAntropología física -- Tratados, manuales, etc. | ||
| 700 | 1 | _aHoijer, Harry | |
| 700 | 1 | 2 |
_aRuiz-Werner, Juan Martín, _etr. |
| 700 | 1 | 2 |
_aGarcía-Puente, Juan, _etr. |
| 830 | 0 | _a Cultura e Historia | |
| 942 |
_2ddc _cBK |
||
| 945 | _aInventariado 2017/LP | ||
| 956 |
_aLOPEREZ _b10 _c20171127 _h0041 _iBPMSU |
||
| 999 |
_c13106 _d13106 |
||